Central Library OPAC University of Rajshahi

USSR '76 : (Record no. 80695)

MARC details
000 -LEADER
fixed length control field 00621nam a2200205 a 4500
001 - CONTROL NUMBER
control field 80695
003 - CONTROL NUMBER IDENTIFIER
rucl marc code BD-RjUL
005 - DATE AND TIME OF LATEST TRANSACTION
control field 20221103095725.0
008 - FIXED-LENGTH DATA ELEMENTS--GENERAL INFORMATION
fixed length control field 221103s1976 ru ||||| |||| 00| 0 eng d
035 ## - SYSTEM CONTROL NUMBER
System control number (BD-RjUL)80695
040 ## - CATALOGING SOURCE
Original cataloging agency BD-RjUL
Language of cataloging eng
Transcribing agency BD-RjUL
041 ## - LANGUAGE CODE
Language code of text/sound track or separate title eng
082 ## - DEWEY DECIMAL CLASSIFICATION NUMBER
Edition number 23
Classification number 947.085
Author mark and year USS 1976
245 ## - TITLE STATEMENT
Title USSR '76 :
Remainder of title Novosti Press Agency year book /
Statement of responsibility, etc. Agentstvo pechati "Novosti"
260 ## - PUBLICATION, DISTRIBUTION, ETC. (IMPRINT)
Place of publication, distribution, etc. Moscow :
Name of publisher, distributor, etc. Novosti Press Agency Pub. House,
Date of publication, distribution, etc. 1976
300 ## - PHYSICAL DESCRIPTION
Pagination 247 pages :
Illustrations illustrations
Size 22 cm.
651 ## - SUBJECT ADDED ENTRY--GEOGRAPHIC NAME
Geographic name Soviet Union
9 (RLIN) 5674
710 ## - ADDED ENTRY--CORPORATE NAME
Corporate name or jurisdiction name as entry element Agentstvo pechati "Novosti"
9 (RLIN) 5675
942 ## - ADDED ENTRY ELEMENTS (KOHA)
Source of classification or shelving scheme Dewey Decimal Classification
Koha item type Books
Holdings
Lost status Source of classification or shelving scheme Damaged status Not for loan Collection code Permanent Location Current Location Shelving location Date acquired Total Checkouts Full call number Date last seen Copy number Koha item type
  Dewey Decimal Classification   Not For Loan Non-fiction Central Library, University of Rajshahi Central Library, University of Rajshahi Reading Room 11/09/1988   947.085 USS 1976 03/11/2022 C-1 Books